Српска граматика (Запис номер 344332)
[ съкратено ]
| 000 -Лидер | |
|---|---|
| Контролно поле с фиксирана дължина | nam a22 a 4500 |
| 003 - Код на организацията, давaща контролен номер | |
| Контролно поле | BLK |
| 005 - Дата и час на последна редакция | |
| Контролно поле | 20210412145249.0 |
| 008 - Елементи от данни с фиксирана дължина | |
| fixed length control field | 180911b bul|||||r ||||||| ||bul|| |
| 010 ## - Наследен системен номер | |
| LC control number | 003997 |
| 040 ## - Източник на каталожния запис | |
| Идентификатор на билиотеката - собственик на записа | BLK |
| 041 ## - Код за език | |
| Код за езика на текст/звукозапис или на отделно заглавие | Сръбски |
| Код за езика КДБФ | Други славянски езици |
| 080 ## - УДК | |
| УДК - код + определител | 811.163.41`36 |
| Текстов определител УДК | Сръбски език |
| УДК код - определител по УДК | 811.163.41 |
| УДК определител | `36 |
| 100 ## - Редна дума - Автор | |
| Автор | Новакович, Стоjан |
| Авторска отговорност | първи автор |
| R(LIN) | 398328 |
| 139 ## - Редно поле | |
| Редна дума | Новакович, Стоjан |
| 245 00 - Сведения за заглавието | |
| Заглавие | Српска граматика |
| Редно поле (дума) | Стоjан Новакович |
| 260 ## - Област на издателските данни | |
| Място на издаване, разпространение и проч. | Београд |
| Име на издателя, разпространителя и проч. | Државна штампарија |
| Година на издаване | 1894 |
| 9 (RLIN) | 435680 |
| 300 ## - Физическа характеристика | |
| Страници | XVIII, 512 с. |
| Размери/Мащаб | 23 см |
| 380 ## - Жанр | |
| Жанр | Езикознание. Филология |
| 490 ## - СЕРИИ (Колекции) | |
| Име на серия | Частна колекция - Академик Михаил Арнаудов |
| Бележки за серията | Дарение - Основен фонд |
| 490 ## - СЕРИИ (Колекции) | |
| Име на серия | Колекция Редки и ценни издания |
| 9 (RLIN) | 435080 |
| 500 ## - Общи забележки | |
| Забележка | Михаил Арнаудов: негови-книга. - Михаил Арнаудов: подпис. - Датиране на книгата : Београд 28. Х. 96. на корицата, 30. Х. 96. М. Арнаудов на загл. с. Подчертавания в текста : с. 147 и др. |
| 520 ## - Забележка за наличие на резюме, анотация и т.н | |
| Анотация, рецензия, сканиран текст | |
| 650 #0 - Допълнително описание по предмет – тема | |
| Основно описание – тема или топоним | Сръбски език |
| 9 (RLIN) | 275216 |
| 653 #7 - Ключова дума – ненормативна | |
| 9 (RLIN) | 184355 |
| Ключова дума | граматика |
| 655 ## - Ключова дума – жанр/разновидност | |
| Данни за жанр/разновидност или ключова дума за фокус | Езикознание |
| 852 ## - Местоположение | |
| Форматна сигнатура | МА 1634 |
| Фондова буква | Фонд "Михаил Арнаудов" |
| 852 ## - Местоположение | |
| Форматна сигнатура | Рс 894 |
| Фондова буква | Редки и ценни |
| 999 ## - СИСТЕМНИ КОНТРОЛНИ НОМЕРА | |
| Koha biblionumber | 344332 |
| Koha biblioitemnumber | 344332 |
| 942 ## - АРТИКУЛИ | |
| Вид на библиотечния материал | Книги |
| Скрит в OPAC | Не |
| Периодичен библиозапис | Да |
| 944 ## - СЪЗДАВАНЕ И РЕДАКЦИЯ на ЗАПИСА | |
| Създаване/Редакция | Създаване |
| Дата на регистрацията/редакция | 1996 |
| Служител, извършил регистрацията/редакцията | ValK |
| 944 ## - СЪЗДАВАНЕ И РЕДАКЦИЯ на ЗАПИСА | |
| Създаване/Редакция | Редакция |
| Дата на регистрацията/редакция | 2021-04-12 |
| Служител, извършил регистрацията/редакцията | ГГГ |
| Код за отписване | Код за изгубен артикул | Източник на класификационната схема | Код за повреда | Коз за рестрикции | Код за отдаване | Артикулен № | Име на библиотеката - собственик | Име на библиотеката, в която се намира в момента | Статус (Текущо местоположение) | Местоположение - отдел | Цена в лева | Номерация (Хронология) | Инвентарен номер | Систематично азбучна сигнатура | Баркод | Номер на екземпляра | Цена в евро | Служебен тип на артикула | Дата на вписване в системата |
|---|---|---|---|---|---|---|---|---|---|---|---|---|---|---|---|---|---|---|---|
| Не е изгубен | Universal Decimal Classification | Не е повреден | без рестрикции | ползва се в читалня | 744732 | Регионална библиотека "Любен Каравелов" Русе | Регионална библиотека "Любен Каравелов" Русе | Фонд "Михаил Арнаудов" | Фонд "Михаил Арнаудов" | 100.00 | 589154 | МА 1634 | 120000589154 | 1 | 51.13 | Книги | |||
| Не е изгубен | Universal Decimal Classification | Не е повреден | само за читалня | Специални фондове ( старопечатни, редки и ценни, фонд М. Арнаудов) | 854303 | Регионална библиотека "Любен Каравелов" Русе | Регионална библиотека "Любен Каравелов" Русе | Редки и ценни | Редки и ценни | 1.02 | 10090/58 | Рс 894 | 900000052303 | 0.52 | Книги | 2021-09-23 |